[Event "HUN-ch U10"]
[Site "Tapolca"]
[Date "2021.08.05"]
[Round "5"]
[White "Bod, Marton"]
[Black "Herczeg, Benedek"]
[Result "1-0"]
[WhiteElo "1423"]
[BlackElo "1262"]
[PlyCount "35"]
[EventDate "2021.08.01"]
[EventType "swiss"]
[EventRounds "7"]
[EventCountry "HUN"]
[SourceTitle "EXT 2022"]
[Source "ChessBase"]
[SourceDate "2021.10.06"]
[SourceVersion "1"]
[SourceVersionDate "2021.10.06"]
[SourceQuality "1"]

1. e4 e5 2. Bc4 Nc6 3. d3 h6 4. Ne2 Nf6 5. 0-0 Bc5 6. Be3 Bb6 7. Qd2 d6 8. f4 Bxe3+ 9. Qxe3 Ng4 10. Qg3 0-0 11. Nbc3 h5 12. h3 h4 13. Qe1 Ne3 14. Qd2 Nxf1 15. Rxf1 Be6 16. f5 Bxc4 17. f6 g6 18. Qh6 1-0